Capitals with More than One Word - Statistics

General Stats
  • This quiz has been taken 151 times
    37 since last reset
  • The average score is 26 of 32
Answer Stats
Separated by... Continent Country Capital % Correct
Space South America Argentina Buenos Aires
97%
Space Africa Equatorial Guinea Ciudad de la Paz
97%
Space South America Bolivia La Paz
97%
Space Europe San Marino San Marino
97%
Space North America Guatemala Guatemala City
93%
Space North America Mexico Mexico City
93%
Space North America Panama Panama City
93%
Hyphen North America Haiti Port-au-Prince
93%
Space North America Costa Rica San José
93%
Space North America El Salvador San Salvador
93%
Space Europe Vatican City Vatican City
93%
Space Europe Andorra Andorra la Vella
90%
Space North America Dominican Republic Santo Domingo
90%
Space Oceania Papua New Guinea Port Moresby
87%
Hyphen North America Trinidad and Tobago Port-of-Spain
87%
Space Asia United Arab Emirates Abu Dhabi
80%
Space Africa South Africa Cape Town
80%
Space Asia Malaysia Kuala Lumpur
80%
Space North America Grenada Saint George's
80%
Space North America Antigua and Barbuda Saint John's
80%
Space Asia Brunei Bandar Seri Begawan
77%
Space Asia Kuwait Kuwait City
77%
Space Africa Mauritius Port Louis
77%
Hyphen Africa Benin Porto-Novo
77%
Space North America United States Washington D.C.
77%
Space Asia India New Delhi
73%
Space Asia Sri Lanka Sri Jayawardenepura Kotte
73%
Space Asia Cambodia Phnom Penh
70%
Space Africa São Tomé and Principe São Tomé
67%
Space Africa Ethiopia Addis Ababa
63%
Space Oceania Vanuatu Port Vila
63%
Space Oceania Kiribati South Tarawa
57%
No matching quizzes found
Score Distribution
Percent of People with Each Score
Percentile by Number Answered
Your Score History
You have not taken this quiz since the last reset